|
|
|
|
| LEADER |
00941nam a2200229 u 4500 |
| 001 |
10117333 |
| 003 |
upatras |
| 005 |
20210117205533.0 |
| 008 |
150903s2000 gr gre |
| 040 |
|
|
|a GR-PaULI
|c GR-PaULI
|
| 041 |
0 |
|
|a gre
|
| 082 |
0 |
4 |
|a 531.113 3
|
| 100 |
1 |
|
|a Κοσμόπουλος, Γιάννης
|4 aut
|9 32538
|
| 245 |
1 |
0 |
|a Κυματική
|c Γιάννης Κοσμόπουλος
|
| 260 |
|
|
|a Πάτρα
|b Πανεπιστήμιο Πατρών
|c 2000
|
| 300 |
|
|
|a 192 σ.
|b σχήμ., πίν.
|c 25 εκ.
|
| 650 |
|
4 |
|a Κύματα (Φυσική)
|9 2387
|
| 852 |
|
|
|a GR-PaULI
|b ΠΑΤΡΑ
|b ΒΚΠ
|b ΒΣ1
|k ΑΣΧΕ
|h 531.113 3 ΚΟΣ
|m 132614
|p 025000039896
|t 1
|
| 942 |
|
|
|2 ddc
|c BK15
|
| 952 |
|
|
|0 0
|1 0
|4 0
|6 531_113000000000000_3_ΚΟΣ
|7 0
|9 183150
|a LISP
|b LISP
|c BSC
|d 2016-04-24
|i 132614
|l 1
|o 531.113 3 ΚΟΣ
|p 025000039896
|r 2018-06-26 00:00:00
|s 2018-06-18
|t 1
|w 2016-04-24
|y BK15
|
| 998 |
|
|
|c ΒΑΣΙΛΕΙΟΥ
|d 2015-09
|
| 999 |
|
|
|c 113008
|d 113008
|